Normale Ansicht MARC-Ansicht ISBD

Early Modern Fire : (Titelsatznr. 72169)

[ MARC ]
MARC-Details
000 -Satzkennung
Kontrollfeld mit fester Länge 03242nam a22003853i 4500
001 - Kontrollnummer
Kontrollfeld EBC31757162
003 - Kontrollnummer Identifier
Kontrollfeld MiAaPQ
005 - Datum und Zeit der letzten Transaktion
Kontrollfeld 20250217121803.0
007 - Feld mit fester Länge zur physischen Beschreibung - Allgemeine Information
Kontrollfeld mit fester Länge cr cnu||||||||
008 - Feld mit fester Länge zur physischen Beschreibung - Allgemeine Angaben
Kontrollfeld mit fester Länge 250204s2024 xx o ||||0 eng d
020 ## - Internationale Standardbuchnummer
Internationale Standardbuchnummer 9789004521766
Nähere Angaben (electronic bk.)
020 ## - Internationale Standardbuchnummer
Gelöschte/ungültige ISBN 9789004521759
040 ## - Katalogisierungsquelle
Original-Katalogisierungsstelle MiAaPQ
Katalogisierungssprache eng
Übertragungsstelle MiAaPQ
100 1# - Haupteintragung - Personenname
Personenname Bernasconi, Gianenrico.
Koha-Normdatenidentnummer 65811
245 10 - Titel
Titel Early Modern Fire :
Zusatz zum Titel Science, Technology, and the Urban Space.
250 ## - Ausgabebezeichnung
Ausgabebezeichnung 1st ed.
264 #1 - Produktion, Veröffentlichung, Distribution, Herstellung und Urheberrechtsvermerk
Herstellungs-, Veröffentlichungs- Vertriebs-, Erzeugungsort Boston :
Produzent, Herausgeber, Distributor, Hersteller BRILL,
Datum der Herstellung, der Veröffentlichung, des Vertriebs oder des Urheberschutzvermerks 2024.
264 #4 - Produktion, Veröffentlichung, Distribution, Herstellung und Urheberrechtsvermerk
Datum der Herstellung, der Veröffentlichung, des Vertriebs oder des Urheberschutzvermerks ©2025.
300 ## - Physische Beschreibung
Umfang 1 online resource (380 pages)
336 ## - Inhaltstyp
Inhaltstypterm Text
Inhaltstypcode txt
Quelle rdacontent
337 ## - Medientyp
Bezeichnung des Medientyps Computermedien
Medientypcode c
Quelle rdamedia
338 ## - Datenträgertyp
Datenträgertypbezeichnung Online Resource
Datenträgertypcode cr
Quelle rdacarrier
490 1# - Gesamttitelangabe
Gesamttitelangabe Intersections Series ;
Bandnummer/Folgebezeichnung v.95
500 ## - Allgemeine Fußnote
Allgemeine Fußnote E-Book-ProQuest / Fernzugriff nach Registrierung möglich
505 0# - Fußnote zu strukturierten Inhaltsangaben
Fußnote zu strukturierten Inhaltsangaben Front Cover -- Half Title -- Series Information -- Title Page -- Copyright Page -- Contents -- Acknowledgments -- Figures -- Notes on the Editors -- Notes on the Contributors -- Introduction: the Early Modern Fire -- Part 1 Fire in Early Modern Science -- Chapter 1 Purity, Purification, and Fire in the Seventeenth-Century Chymical Texts of Nicaise Le Febvre and Michael Sendivogius -- Chapter 2 'Atoms of Fire': Galileo's Unachieved Theory of Heat and the Beginnings of Thermometry (c.1603-1638) -- Chapter 3 Without a Thermometer: the Technical Knowledge of Heat in the Early Modern Age -- Chapter 4 Working with Fire: Remedy Making from the Shop to the Garden in the Apothecaries' Guild (Eighteenth Century, Paris) -- Part 2 Early Modern Fire Technologies -- Chapter 5 The Kitchen Fire (Eighteenth and Early Nineteenth Century) -- Chapter 6 Fire Mechanics: Inventors and Promoters of Heating Systems (Eighteenth and Early Nineteenth Century) -- Chapter 7 'The Manner of Conducting Fire': Firing Architectural Terracotta in the Modern Era, between Know-How, Wood Shortage, and Innovations -- Chapter 8 John Smeaton's Fire Engine Trials -- Part 3 Fire in the Urban Space -- Chapter 9 The Outbreak of Fire: Inventions, Materials, and Combustion Knowledge in the Eighteenth Century -- Chapter 10 What Firefighting Tells Us about Eighteenth-Century Urban Police -- Chapter 11 Organising the Chaos: Firefighting in Upper Lusatia in the Early Modern Period -- Chapter 12 Spectacle, Enthusiasm, Objectivity - Managing Fire as an Emoterial -- Chapter 13 Conclusion: the Technicity of Fire in Modern Europe - a Historiographical Crossroads -- Index Nominum -- Back Cover.
520 ## - Fußnote zu Zusammenfassungen usw.
Fußnote zur Zusammenfassung usw. Early Modern Fire offers new perspectives on the history of fire in early modern Europe. Analysing case studies from alchemy to fireworks, this volume shows the centrality of fire management to understanding the entangled histories of science, technology, and society.
655 ## - Indexierungsterm - Genre/Form
Genre/Form oder fokussierter Term Fernzugriff
Koha-Normdatenidentnummer 230
655 #4 - Indexierungsterm - Genre/Form
Genre/Form oder fokussierter Term
700 1# - Nebeneintragung - Personenname
Personenname Storni, Marco.
Koha-Normdatenidentnummer 25222
776 08 - Andere physische Form
Verweisungsphrase Print version:
Haupteintragung Bernasconi, Gianenrico
Titel Early Modern Fire
Ort, Verlag und Erscheinungsjahr Boston : BRILL,c2024
Internationale Standardbuchnummer 9789004521759
830 #0 - Nebeneintragung unter dem Gesamttitel - Einheitstitel
Einheitstitel Intersections Series
Koha-Normdatenidentnummer 64663
856 40 - Elektronische Adresse und Zugriff
URL <a href="https://ebookcentral.proquest.com/lib/maxweberstiftung-ebooks/detail.action?docID=31757162">https://ebookcentral.proquest.com/lib/maxweberstiftung-ebooks/detail.action?docID=31757162</a>
OPAC-Notiz Volltext
942 ## - Zusätzliche Felder (Koha)
Koha-Medientyp E-Books
Exemplare
Ausgeschieden Verloren Klassifikation oder Aufstellungssystematik Beschädigt Nicht entleihbar Heimatbibliothek Aufenthaltsbibliothek Aufstellungsort Erwerbungsdatum Inventarnummer Signatur Barcode Letzte Aktivität Preis gültig von Koha-Medientyp
    Andere/Generische Klassifikation     MWN Osteuropa MWN Osteuropa Online-Ressource 17/02/2025 25-e00240 E-25-e00240 75074 17/02/2025 17/02/2025 E-Books